000 00284 a2200133 4500
001 177556
020 _a84-305-8162-6
040 _cMagnum
240 1 0 _aKaraoke infantil
_lESP
245 1 0 _aKaraoke infantil
300 _a19
697 _aLITERATURA INFANTIL ESPANHOLA
942 _cBK
999 _c177556
_d177556